zpět

Detail výsledku týmu

Pizza-Doma ST, Plzeň

Datum a čas kvízu

34 Celkem bodů Celkový počet nahraných bodů na tomto kvízu bez doplňovacích otázek.
5. Pořadí na kvízu Konečné umístění týmu na tomto kvízu.

Zaznamenané odpovědi

# Otázka Odpověď Body Výsledky
1. Minulý týden projednával Městs... krabice od banánů, Lidl 1
2. Slovenská vláda schválila plán... medvěd 1
3. Jak se jmenuje seriál, do něho... Harry Potter, HBO (Max) 0.5
4. Jak se jmenuje horská chata le... Luční bouda 0
5. Dvojnásobná grandslamová šampi... Jiří Novák 1
6. Fanoušci komiksů, sci-fi, fant... cosplay 0
7. Hlavní postavy ze seriálu Teor... Stuart 1
8. Jedním z nejoblíbenějších komi... 1B 2C 3D 4A 1
9. Jak se jmenuje muž, který nakr... Kája (Karel) Saudek 1
10. V současné době vychází v komi... Karel Čapek, R.U.R. 1